<?xml version='1.0' encoding='UTF-8'?>
  <record xmlns="http://www.loc.gov/MARC21/slim">
    <leader>00000cam a2200000   4500</leader>
    <controlfield tag="001">ocm56603831</controlfield>
    <controlfield tag="003">OCoLC</controlfield>
    <controlfield tag="005">20240127100239.6</controlfield>
    <controlfield tag="008">040930s1576    xx            000 0 fre d</controlfield>
    <datafield tag="040" ind1=" " ind2=" ">
      <subfield code="a">IBV</subfield>
      <subfield code="b">eng</subfield>
      <subfield code="c">IBV</subfield>
      <subfield code="d">OCLCQ</subfield>
      <subfield code="d">OCLCG</subfield>
      <subfield code="d">OCLCF</subfield>
      <subfield code="d">OCLCQ</subfield>
      <subfield code="d">QGJ</subfield>
      <subfield code="d">OCLCQ</subfield>
      <subfield code="d">OCLCO</subfield>
      <subfield code="d">OCLCL</subfield>
    </datafield>
    <datafield tag="029" ind1="1" ind2=" ">
      <subfield code="a">NLGGC</subfield>
      <subfield code="b">292940203</subfield>
    </datafield>
    <datafield tag="035" ind1=" " ind2=" ">
      <subfield code="a">(OCoLC)56603831</subfield>
    </datafield>
    <datafield tag="245" ind1="0" ind2="0">
      <subfield code="a">Brieve remonstrance a la noblesse de France sur le faict de la declaration de Monseigneur le Duc d'Alençon.</subfield>
    </datafield>
    <datafield tag="260" ind1=" " ind2=" ">
      <subfield code="a">[Place of publication not identified]:</subfield>
      <subfield code="b">[publisher not identified]</subfield>
      <subfield code="c">M.D. LXXVI. [1576]</subfield>
    </datafield>
    <datafield tag="300" ind1=" " ind2=" ">
      <subfield code="a">77 pages</subfield>
      <subfield code="c">21 cm (8vo)</subfield>
    </datafield>
    <datafield tag="336" ind1=" " ind2=" ">
      <subfield code="a">text</subfield>
      <subfield code="b">txt</subfield>
      <subfield code="2">rdacontent</subfield>
    </datafield>
    <datafield tag="337" ind1=" " ind2=" ">
      <subfield code="a">unmediated</subfield>
      <subfield code="b">n</subfield>
      <subfield code="2">rdamedia</subfield>
    </datafield>
    <datafield tag="338" ind1=" " ind2=" ">
      <subfield code="a">volume</subfield>
      <subfield code="b">nc</subfield>
      <subfield code="2">rdacarrier</subfield>
    </datafield>
    <datafield tag="340" ind1=" " ind2=" ">
      <subfield code="m">8vo</subfield>
      <subfield code="2">rdabf</subfield>
    </datafield>
    <datafield tag="500" ind1=" " ind2=" ">
      <subfield code="a">Signatures: A-K⁴; K4 is blank.</subfield>
    </datafield>
    <datafield tag="500" ind1=" " ind2=" ">
      <subfield code="a">"Declaration de Monseignevr François fils &amp; frere de roy, Duc d'Alençon, &amp;c.": pages 3-9. Dated (on p. 9): Donné à Dreux le 18. de septembre 1575</subfield>
    </datafield>
    <datafield tag="510" ind1="4" ind2=" ">
      <subfield code="a">Van Someren,</subfield>
      <subfield code="c">292</subfield>
    </datafield>
    <datafield tag="600" ind1="1" ind2="0">
      <subfield code="a">Anjou, François,</subfield>
      <subfield code="c">duc d',</subfield>
      <subfield code="d">1554-1584.</subfield>
    </datafield>
    <datafield tag="600" ind1="1" ind2="7">
      <subfield code="a">Anjou, François,</subfield>
      <subfield code="c">duc d',</subfield>
      <subfield code="d">1554-1584</subfield>
      <subfield code="2">fast</subfield>
      <subfield code="0">(OCoLC)fst00017601</subfield>
      <subfield code="1">https://id.oclc.org/worldcat/entity/E39PBJpv3mDgj4mWKYxxRDQXh3</subfield>
    </datafield>
    <datafield tag="700" ind1="1" ind2=" ">
      <subfield code="a">Anjou, François,</subfield>
      <subfield code="c">duc d',</subfield>
      <subfield code="d">1554-1584.</subfield>
      <subfield code="1">https://id.oclc.org/worldcat/entity/E39PBJpv3mDgj4mWKYxxRDQXh3</subfield>
    </datafield>
    <datafield tag="758" ind1=" " ind2=" ">
      <subfield code="i">has work:</subfield>
      <subfield code="a">Brieve remonstrance a la noblesse de France (Text)</subfield>
      <subfield code="1">https://id.oclc.org/worldcat/entity/E39PCGQ4QFFryVyR6gh8ywCdBd</subfield>
      <subfield code="4">https://id.oclc.org/worldcat/ontology/hasWork</subfield>
    </datafield>
  </record>